Fruits That End In Berry - 🍇 - Statistics

General Stats
  • This quiz has been taken 286 times
    278 since last reset
  • The average score is 6 of 17
Answer Stats
-Berry Fruit % Correct
Strawberry
96%
Blackberry
93%
Blueberry
93%
Raspberry
83%
Cranberry
44%
Gooseberry
41%
Huckleberry
30%
Elderberry
28%
Mulberry
19%
Boysenberry
16%
Loganberry
16%
Bilberry
6%
Dewberry
6%
Gojiberry
6%
Marionberry
4%
Ginberry
2%
Thimbleberry
1%
No matching quizzes found
Score Distribution
Percent of People with Each Score
Percentile by Number Answered
Your Score History
You have not taken this quiz since the last reset